School teaching (Record no. 235261)

MARC details
000 -LEADER
fixed length control field 00482nam a2200205Ia 4500
003 - CONTROL NUMBER IDENTIFIER
control field OSt
005 - DATE AND TIME OF LATEST TRANSACTION
control field 20250823103315.0
008 - FIXED-LENGTH DATA ELEMENTS--GENERAL INFORMATION
fixed length control field 250729s1900 xx 000 0 und d
020 ## - INTERNATIONAL STANDARD BOOK NUMBER
International Standard Book Number 9788176487719
040 ## - CATALOGING SOURCE
Transcribing agency AL
041 ## - LANGUAGE CODE
Language code of text/sound track or separate title eng
082 ## - DEWEY DECIMAL CLASSIFICATION NUMBER
Classification number 371.333 KHAS
100 ## - MAIN ENTRY--PERSONAL NAME
Personal name Khan Sharif
9 (RLIN) 222001
245 ## - TITLE STATEMENT
Title School teaching
260 ## - PUBLICATION, DISTRIBUTION, ETC.
Place of publication, distribution, etc. New Delhi
Name of publisher, distributor, etc. A P H Publishing
300 ## - PHYSICAL DESCRIPTION
Extent 107p
650 ## - SUBJECT ADDED ENTRY--TOPICAL TERM
Topical term or geographic name entry element Education
9 (RLIN) 222002
700 ## - ADDED ENTRY--PERSONAL NAME
Personal name Mohamad Syed
9 (RLIN) 222003
942 ## - ADDED ENTRY ELEMENTS (KOHA)
Source of classification or shelving scheme Dewey Decimal Classification
Koha item type School of Education
Holdings
Withdrawn status Lost status Damaged status Not for loan Home library Current library Date acquired Source of acquisition Cost, normal purchase price Total Checkouts Full call number Barcode Date last seen Cost, replacement price Price effective from Koha item type
        St Aloysius Library St Aloysius Library 07/29/2025 Sita Book House 100.00   371.333 KHAS BED00580 07/29/2025 100.00 07/29/2025 Book